000
00287nam a22001337a 4500
008
181016b xxu||||| |||| 00| 0 eng d
020
_a
9780840396624
041
_a
eng
080
_2
8 ed
_a
573
100
_a
11
101
_a
BIO
245
_a
Bscs Biology
_c
Mark.B
942
_2
udc
_c
BK
999
_c
49938
_d
49938